Aarons by Picture - Statistics

General Stats
  • This quiz has been taken 25 times
  • The average score is 4 of 6
Answer Stats
Picture Answer % Correct
Aaron Rodgers
83%
Aaron Judge
79%
Aaron Burr
67%
Aaron Paul
54%
Aaron Carter
38%
Aaron Taylor-Johnson
29%
No matching quizzes found
Score Distribution
Percent of People with Each Score
Percentile by Number Answered
Your Score History
You have not taken this quiz